000 004170000a22001690004500
003 MACL
005 20151217170154.0
008 151217b xxu||||| |||| 00| 0 eng d
040 _aMACL
_cMACL
041 _aEnglish
082 _a030/POO
100 _aPoole, R H
_921006
245 _aNewnes Pictorial Knowledge
_bVol 2
260 _bGeorge Newnes Ltd
650 _aEncyclopaedia
_921007
942 _cBK
_k030/POO
_2ddc
999 _c40429
_d40429